000 00465nam a2200205Ia 4500
003 IT-RoPAU
008 120407s9999 xx 000 0 und d
040 _aIT-RoPAU
040 _cIT-RoPAU
041 _aita
100 _aBrunero Gherardini
245 _aLa seconda riforma. Uomini e scuole del protestantesimo moderno.
250 _aBrescia
260 _aMorcelliana
260 _c1954
300 _c19 cm
490 _v2
942 _cBK
999 _c17536
_d17536